PALEOGÉNNE A SPODNOMIOCÉNNE VRSTVY VO VEĽKOBANI HANDLOVÁ

Bibliographic Details
Main Authors: Šínaly, Teodor (Author), Čechovič, Vsevolod, 1900-1961 (Author)
Format: Article
Language:Slovak

MARC

LEADER 00000nab a2200000ua 4500
001 vtls010844517
003 SK-MaSNL
005 20260304234844.0
008 230218s1962 xo |||||||||||||||||slo|
035 |a (urnnbn)urn:nbn:sk:snk:ar-a07333 
035 |a urn:nbn:sk:snk-ab66cs 
035 |a (uuid)4a8c52ab-a6e5-4895-8ea8-be963405ba36 
040 |a SNKBUCL  |b slo  |c SNKBUCL  |e AACR2 
041 0 |a slo 
044 |a xo  |c SK 
100 1 |a Šínaly, Teodor  |4 aut  |9 1158405 
245 1 0 |a PALEOGÉNNE A SPODNOMIOCÉNNE VRSTVY VO VEĽKOBANI HANDLOVÁ  |c Teodor Šínaly, Vsevolod Čechovič 
700 1 |a Čechovič, Vsevolod,  |d 1900-1961  |4 aut  |9 53228 
773 0 |t Geologické práce : správy  |g Roč. 25-26, č. 25-26 (1962), s. 163-168 
954 |a odborná, vedecká literatúra pôvodná (slovenská)  |2 lita 
958 |a OND 
958 |a EUIPO 
958 |a article5 
999 |c 3205921  |d 3207851